Statistics for "Lawrence of Arabia" Quotes

Click here to take the quiz!

General Stats

  • This quiz has been taken 21 times
  • The average score is 7 of 15

Answer Stats

CharacterQuote% Correct
LawrenceOh, well, we can't all be {lion}-tamers.
88%
FeisalI think you are another of these {desert}-loving Englishmen....No Arab loves the {desert}.
81%
LawrenceThe trick, William Potter, is not minding that it {hurts}.
69%
LawrenceI will execute the law! I have no {tribe}, and no one is offended.
50%
AudaThe Turks pay me a golden treasure, yet I am poor, because I am a {river} to my people!
50%
FeisalYou are looking for a figure who will draw your country toward {war}? ...Aurens is your man.
50%
Feisal{Old} men make the peace, and the vices of peace are the vices of {old} men: mistrust and caution.
44%
FeisalHe is a {young} man, colonel, and {young} men are passionate.
38%
DrydenIt is recognized that you have a {funny} sense of {fun}.
38%
AliTruly, for some men nothing is {written} unless they {write} it.
38%
AudaGive thanks to God, Brighton, that when he made you a {fool}, he gave you a {fool}'s face.
31%
AudaI tell you the desert has dried up more {blood} than you could think of.
31%
FeisalWith Major Lawrence, {mercy} is a passion. With me, it is merely good manners.
31%
AliIf I {fear} him, who love him, how must he {fear} himself, who hates himself?
19%
LawrenceThere may be honour among thieves, but there's none in {politicians}.
19%

Score Distribution

Percentile by Number Answered

Percent of People with Each Score

Your Score History

You have not taken this quiz